| 000 | 00697nam a2200193Ia 4500 | ||
|---|---|---|---|
| 008 | 151121s9999||||xx |||||||||||||| ||und|| | ||
| 082 | _a572/सुधाक | ||
| 082 | _bHNW-79023 | ||
| 100 | _aसुधाकर रामकृष्ण | ||
| 245 | _aजीन्स और जीवन | ||
| 260 | _b"एजूकेशन सप्लायर्स एण्ड ट्रेडर्स,दिल्ली।" | ||
| 260 | _c-- | ||
| 300 | _a99 | ||
| 600 | _aसुधाकर रामकृष्ण | ||
| 630 | _aजीन्स और जीवन | ||
| 700 | _aसुधाकर रामकृष्ण | ||
| 730 | _aजीन्स और जीवन | ||
| 942 | _cBOOK | ||
| 999 |
_c1260423 _d1260420 |
||